000 00394nam a2200121Ia 4500
008 160609s9999 xx 000 0 und d
100 _aLiu, Charlotte Hua.
245 _aVygotsky's psycho-semiotics: Theories, instrument and interpretive analyses
245 _cBy:Charlotte Hua Liu
260 _c2011
650 _xPSYCHOLOGY
856 _uhttp://file.ebook777.com/013/VygPsyTheInsAndIntAna.pdf
999 _c295939
_d295939